| 000 | 01465nas a2200361 i 4500 | ||
|---|---|---|---|
| 001 | 781 | ||
| 003 | ES-MaACL | ||
| 005 | 20250724062534.0 | ||
| 007 | t| | ||
| 008 | 950801c1944 sp a| | 1 ||pa d | ||
| 080 | _a008 | ||
| 080 | _a908 | ||
| 245 | 0 | 0 |
_aCuadernos de estudios gallegos / _cConsejo Superior de Investigaciones Científicas, Instituto Padre Sarmiento ; [dir. F.J. Sánchez Cantón]. |
| 260 |
_aSantiago de Compostela : _bInstituto Padre Sarmiento, _c1944- ( _eMadrid : _fC. Bermejo) |
||
| 300 |
_a60 v. ; _c25 cm. |
||
| 310 | _aAnual | ||
| 321 |
_aSemestral, _b1944-47 |
||
| 321 |
_aCuatrimestral, _b1948-73 |
||
| 362 | 0 | _aAño 1, fasc. 1 (1944)- | |
| 530 | _aDisponible también en Internet. | ||
| 650 | 7 |
_aCultura _2embne _9170963 |
|
| 650 | 1 | 4 |
_aMonografías regionales. _915170 |
| 655 | 7 |
_2tgfbne _9226866 _aRevistas |
|
| 700 | 1 |
_aSánchez Cantón, Francisco Javier, _d1891-1971 _9102521 |
|
| 710 | 0 | 0 |
_aInstituto de Estudios Gallegos "Padre Sarmiento" _94903 |
| 710 | 2 |
_aConsejo Superior de Investigaciones Científicas (España) _93236 |
|
| 852 |
_aES-MaACL _jHEM-1759 _dOlim: K-63 _9803 _zExpurgado: 22-1-2025; posterior a 1958; en acceso abiertp _cHEM |
||
| 856 |
_uhttps://dialnet.unirioja.es/servlet/revista?codigo=6088 _ySumarios de la revista en Dialnet |
||
| 866 | 0 | _o1944-51, 1961-1971, (1973 f.n.85)1974-2011. | |
| 942 |
_2udc _cPERIODICA |
||
| 999 |
_c781 _d781 |
||